000 01065nam a22002295i 4500
001 176729
003 ES-MaACL
005 20230906220153.0
008 110204s1959 fr |||| | fre d
080 _a637.1/.3
080 _a339.188
245 0 0 _aCommerce de détail du lait et des produits laitiers
_b: méthodes de distribution améliorées : projet nº 285/3.
260 _a[Paris] :
_bAgence Européenne de Productivité, Division de l'action technique et de la productivité dans l'agriculture et l'alimentation, Organisation Européenne de Coopération Économique,
_c1959.
300 _a20 p. ;
_c27 cm.
490 1 _aAlimentation et agriculture documentation. Série 1959 ;
_v13
546 _aTexto en francés.
650 0 4 _aProductos lácteos-
_xComercialización.
_9145038
710 0 _aOrganización de Cooperación y Desarrollo Económico.
_bAgencia Europea de Productividad.
_96056
830 0 _aAlimentation et agriculture documentation. Série 1959 ;
_v13
_9190202
852 _aES-MaACL
_jE-14189
_xOlim P-969-bis
999 _c176729
_d176729